ŁAGODNE „WULGARYZMY”: - Statystyki

Ogólne statystyki
  • Ten quiz został rozwiązany 419 razy
  • Średni wynik to 2 z 6
Statystyki odpowiedzi
Odpowiedź % Poprawnych
KURDE
84%
KURCZĘ
69%
CHOLERA
56%
KURKA WODNA
18%
PSIA KREW
12%
SZLAG
10%
Nie znaleziono quizów pasujących do podanych kryteriów
Rozkład punktacji
Procent ludzi z każdym wynikiem
Percentyl według liczby udzielonych odpowiedzi
Twoja historia wyników
Nie rozwiązałeś tego quizu